God in your family. (Record no. 14591)

000 -LEADER
fixed length control field 00555nam a2200181 a 4500
001 - CONTROL NUMBER
control field :::00012423$&:&@@
003 - CONTROL NUMBER IDENTIFIER
control field OkBaRHE
005 - DATE AND TIME OF LATEST TRANSACTION
control field 20000607103419.0
008 - FIXED-LENGTH DATA ELEMENTS--GENERAL INFORMATION
fixed length control field s1971 j 000 0 eng u
040 ## - CATALOGING SOURCE
Transcribing agency
100 1# - MAIN ENTRY--PERSONAL NAME
Personal name Rice, John R.
245 10 - TITLE STATEMENT
Title God in your family.
260 ## - PUBLICATION, DISTRIBUTION, ETC. (IMPRINT)
Place of publication, distribution, etc Murfreesboror, TN., :
Name of publisher, distributor, etc Sword of the Lord Publishers
Date of publication, distribution, etc c1971
300 ## - PHYSICAL DESCRIPTION
Extent 248 p. : illus. ;
Dimensions 20 cm.
650 ## - SUBJECT ADDED ENTRY--TOPICAL TERM
Topical term or geographic name as entry element Family
General subdivision Religious Life
942 ## - ADDED ENTRY ELEMENTS (KOHA)
Source of classification or shelving scheme
Koha item type Books
Copies
Koha item type Not for loan Damaged status Date last seen Lost status Barcode Full call number Copy number Price effective from Permanent Location Shelving location Date acquired Source of classification or shelving scheme Withdrawn status
Books  2010-04-14 12423HQ 728 .R4612010-04-14RHEMA Bible Training CollegeGeneral Stacks2010-04-14